[Event "Tatra Limba Master 2022"]
[Site "Poronin"]
[Date "2022.01.08"]
[Round "4.4"]
[White "Zylka, Stanislaw"]
[Black "Kotowicz, Kamil"]
[Result "1-0"]
[WhiteElo "2406"]
[BlackElo "1732"]
[Annotator "TA"]
[PlyCount "141"]
[EventDate "2022.01.07"]
[EventType "swiss"]
[EventCountry "POL"]
[SourceTitle "playchess.com"]
[Source "ChessBase"]
[SourceQuality "1"]

{[%evp 9,141,0,25,24,18,25,34,18,13,13,12,16,11,0,0,-13,0,-43,0,-4,-29,-44,0,-66,-56,-75,-75,-84,-62,-75,-58,-75,-33,-62,-47,-86,-77,-75,-76,-76,76,85,76,91,171,175,223,207,218,218,242,238,241,243,241,220,228,242,206,154,152,125,127,123,128,125,125,117,123,115,119,84,145,117,187,74,337,323,930,972,806,826,1068,104,104,104,104,104,588,568,534,315,1852,1845,1784,1706,1496,1586,1505,0,1550,1586,2122,857,1752,1989,1613,1693,5185,5085,6126,6115,29969,29971,29980,29981,29980,29981,29971,29973,29978,29979,29980,29974,29978,29978,29978,29978,29978,29979,29978,29978,29989,29990]} 1. e4 c6 2. Nf3 d5 3. Nc3 Bg4 4. Be2 e6 5. O-O Nd7 6. d4 {B11: Caro-Kann: Two Knights Variation.} dxe4 7. Nxe4 Ngf6 8. Ng3 {White is slightly better.} Qc7 9. h3 Bxf3 10. Bxf3 Bd6 11. Ne2 O-O 12. g3 {[#]} Rad8 $146 ({Predecessor:} 12... Rac8 13. c3 Rfd8 14. Qb3 b6 15. Bg5 h6 16. Be3 Nd5 17. Bd2 N7f6 18. Kg2 Ne7 {½-½ (77) Brito,L (2242)-Schneider,A (2058) Marianske Lazne 2016}) 13. c4 (13. Bg2 $11 {is superior.}) 13... e5 (13... c5 $1 $15 {deserves consideration.}) 14. c5 Be7 {[%cal Od7c5]} 15. b4 b6 (15... a5 $15 {was preferrable.} 16. a3 exd4) 16. Bg2 ({White should try} 16. Qb3 $11) 16... bxc5 $15 17. dxc5 {[#]} Nxc5 $1 18. Qc2 Ne6 19. a3 c5 20. Bb2 Nd4 (20... cxb4 21. Qxc7 Nxc7 22. Bxe5 $11) ({Better is} 20... Qb8 $17) 21. Qc4 Rc8 22. Rfc1 {[%cal Re2d4]} Qd7 23. Nxd4 cxd4 24. Qa6 e4 $2 (24... Bd6 $17 {keeps the pressure on.}) 25. Rxc8 $16 Rxc8 26. Bxd4 $1 Rd8 (26... Rc7 $16 27. Rd1 h6) 27. Be3 $18 {A strong pair of Bishops.} (27. Bxa7 $2 Ra8 28. Qc4 Rxa7 $19) 27... Qd3 (27... Qe6 {was called for.} 28. Qxe6 (28. Qxa7 Nd5 $16) 28... fxe6 29. Bxa7 Ra8) 28. Qxa7 Nd5 29. Bf1 Qb3 30. Rc1 {Black must now prevent Bc4.} Nxe3 31. Qxe7 {[%cal Re7d8]} Rf8 32. Qxe4 Nxf1 33. Rxf1 ({Don't play} 33. Kxf1 Qxa3 34. Rc6 Qb3) 33... Qxa3 {[%mdl 4096] Endgame KQR-KQR} 34. Rb1 Qa8 35. Qxa8 {White is more active.} Rxa8 $16 {KR-KR} 36. Kg2 Kf8 37. g4 Ke7 38. h4 Kd6 39. g5 Rb8 40. f4 Kd5 (40... Rb5 $142) 41. Kf3 Rb7 (41... Kc6 $16 42. Rc1+ Kd7) 42. h5 (42. b5 $18) 42... g6 $2 {[%mdl 8192]} (42... Kc4 $2 43. Rd1 $16 (43. Rc1+ Kd5 $16)) (42... Rb5 $16 {was worth a try.}) 43. h6 $18 f6 $2 (43... Rb5 44. Rd1+ Ke6) 44. gxf6 Ke6 45. b5 {aiming for Ke4.} Kxf6 46. Kg4 $2 (46. b6 $18 g5 47. fxg5+ Kxg5 48. Ke4 Kxh6 49. Kf5 (49. Rh1+ Kg5 $11)) 46... Rb6 $16 47. Rb2 Ke6 48. Re2+ Kf7 $2 {[%mdl 8192]} (48... Kd6 $16 {is a better chance.}) 49. Re5 $18 {Kf3 is the strong threat.} Kf6 50. Rc5 {Threatening mate with Rc6+.} Kf7 $2 {[#]} (50... Ke6 51. Kf3 Kd6) 51. Kf3 $1 Ke6 52. Ke4 Rb8 53. Kd4 Rf8 54. Ke4 Rb8 55. Kd3 Rb7 56. Kc3 (56. Kc4 $142 Kd7 57. Rc6) 56... Kd6 57. Kb4 Rb6 58. Rc4 Kd5 59. Rc7 Rf6 60. Rxh7 Rxf4+ 61. Ka5 {White mates.} Rh4 62. b6 Rh1 63. Ka6 g5 64. Rg7 Rxh6 65. Rxg5+ Kc6 66. Rg1 Kd7 67. Ka7 Rh2 68. Ra1 Kc6 69. b7 Rh7 70. Rc1+ Kb5 71. Ka8 {Weighted Error Value: White=0.37/Black=0.63} 1-0

[Event "Tatra Limba Master 2022"]
[Site "Poronin"]
[Date "2022.01.08"]
[Round "4.5"]
[White "Mirski, Michal"]
[Black "Kozlowski, Franciszek"]
[Result "1-0"]
[WhiteElo "2039"]
[BlackElo "1523"]
[Annotator "ChessBase"]
[PlyCount "131"]
[EventDate "2022.01.07"]
[EventType "swiss"]
[EventCountry "POL"]
[SourceTitle "playchess.com"]
[Source "ChessBase"]
[SourceQuality "1"]
[TimeControl "5400+30"]

1. e4 {[%emt 0:00:04]} c5 {[%emt 0:00:11]} 2. Nf3 {[%emt 0:00:11]} d6 {[%emt 0:00:09]} 3. d4 {[%emt 0:00:07]} cxd4 {[%emt 0:01:07]} 4. Nxd4 {[%emt 0:00:04]} Nf6 {[%emt 0:01:45]} 5. Nc3 {[%emt 0:00:06]} g6 {[%emt 0:02:09]} 6. Be3 {[%emt 0:03:33]} a6 {[%emt 0:01:28]} 7. f3 {[%emt 0:01:25]} Bg7 {[%emt 0:04:00]} 8. Qd2 {[%emt 0:02:47]} O-O {[%emt 0:01:16]} 9. O-O-O {[%emt 0:03:52]} Qc7 {[%emt 0:01:24]} 10. g4 {[%emt 0:04:39]} Nc6 {[%emt 0:01:29]} 11. h4 {[%emt 0:01:31]} Nd7 {[%emt 0:08:17]} 12. Nd5 {[%emt 0:04:56]} Qd8 {[%emt 0:00:32]} 13. h5 {[%emt 0:00:52]} Bxd4 {[%emt 0:09:38]} 14. Bxd4 {[%emt 0:01:11]} Nxd4 {[%emt 0:02:07]} 15. Qxd4 {[%emt 0:00:10]} e6 {[%emt 0:03:13]} 16. Nc3 {[%emt 0:05:52]} Ne5 {[%emt 0:07:01]} 17. Be2 {[%emt 0:04:04]} Qg5+ {[%emt 0:02:07]} 18. Kb1 {[%emt 0:03:06]} Bd7 {[%emt 0:02:56]} 19. Qxd6 {[%emt 0:04:49]} Bc6 {[%emt 0:01:31]} 20. hxg6 {[%emt 0:02:55]} hxg6 {[%emt 0:01:22]} 21. Qd4 {[%emt 0:04:17]} Rad8 {[%emt 0:02:44]} 22. Qf2 {[%emt 0:01:31]} Rxd1+ {[%emt 0:01:08]} 23. Bxd1 {[%emt 0:11:02]} Qf6 {[%emt 0:02:24]} 24. Qh2 {[%emt 0:10:40]} Qg7 {[%emt 0:02:53]} 25. g5 {[%emt 0:00:53]} Nc4 {[%emt 0:01:27]} 26. Be2 {[%emt 0:01:25]} Ne5 {[%emt 0:03:01]} 27. Nd1 {[%emt 0:08:52]} Rd8 {[%emt 0:03:12]} 28. Kc1 {[%emt 0:03:45]} Bb5 {[%emt 0:01:26]} 29. f4 {[%emt 0:02:16]} Bxe2 {[%emt 0:02:57]} 30. Qxe2 {[%emt 0:00:06]} Nc6 {[%emt 0:01:16]} 31. e5 {[%emt 0:02:23]} Nd4 {[%emt 0:01:56]} 32. Qh2 {[%emt 0:02:14]} Kf8 {[%emt 0:07:21]} 33. Ne3 {[%emt 0:00:51]} Ke7 {[%emt 0:01:15]} 34. c3 {[%emt 0:02:35]} Nf5 {[%emt 0:01:17]} 35. Ng4 {[%emt 0:01:23]} Kd7 {[%emt 0:02:05]} 36. Rd1+ {[%emt 0:03:48]} Kc7 {[%emt 0:00:12]} 37. Rxd8 {[%emt 0:00:06]} Kxd8 {[%emt 0:00:13]} 38. Nf6 {[%emt 0:00:14]} Qf8 {[%emt 0:01:43]} 39. Qd2+ {[%emt 0:00:09]} Kc8 {[%emt 0:00:48]} 40. Qd7+ {[%emt 0:00:13]} Kb8 {[%emt 0:00:08]} 41. Qxe6 {[%emt 0:04:19]} fxe6 {[%emt 0:02:08]} 42. Nd7+ {[%emt 0:00:07]} Kc7 {[%emt 0:00:19]} 43. Nxf8 {[%emt 0:00:03]} Kc6 {[%emt 0:00:21]} 44. Nxg6 {[%emt 0:01:06]} Kd5 {[%emt 0:00:25]} 45. Nf8 {[%emt 0:00:21]} Ng7 {[%emt 0:00:31]} 46. Nd7 {[%emt 0:01:43]} Ke4 {[%emt 0:00:25]} 47. Nc5+ {[%emt 0:00:14]} Kxf4 {[%emt 0:00:10]} 48. Nxb7 {[%emt 0:00:07]} Kxe5 {[%emt 0:01:00]} 49. Nc5 {[%emt 0:00:09]} Kf4 {[%emt 0:00:52]} 50. Nxa6 {[%emt 0:00:16]} Kxg5 {[%emt 0:01:11]} 51. a4 {[%emt 0:00:21]} Ne8 {[%emt 0:00:29]} 52. a5 {[%emt 0:00:15]} Kf5 {[%emt 0:00:24]} 53. Nc5 {[%emt 0:00:04]} Nc7 {[%emt 0:00:44]} 54. b4 {[%emt 0:01:26]} Ke5 {[%emt 0:00:13]} 55. Kd2 {[%emt 0:00:12]} Kd5 {[%emt 0:00:25]} 56. Kd3 {[%emt 0:00:07]} Kc6 {[%emt 0:00:40]} 57. c4 {[%emt 0:00:14]} Kd6 {[%emt 0:00:36]} 58. Ke4 {[%emt 0:00:12]} Ne8 {[%emt 0:00:26]} 59. Nd3 {[%emt 0:00:21]} Nf6+ {[%emt 0:01:21]} 60. Kd4 {[%emt 0:00:06]} Ne8 {[%emt 0:00:31]} 61. b5 {[%emt 0:00:17]} Ng7 {[%emt 0:00:58]} 62. c5+ {[%emt 0:00:07]} Kc7 {[%emt 0:00:18]} 63. Ke5 {[%emt 0:00:06]} Nf5 {[%emt 0:00:17]} 64. Nb4 {[%emt 0:00:36]} Ne3 {[%emt 0:00:18]} 65. b6+ {[%emt 0:00:09]} Kb8 {[%emt 0:00:31]} 66. Kxe6 {[%emt 0:00:18]} 1-0

[Event "Tatra Limba Master 2022"]
[Site "Poronin"]
[Date "2022.01.08"]
[Round "4.6"]
[White "Mroz, Lena"]
[Black "Walkusz, Witoslaw"]
[Result "0-1"]
[WhiteElo "1835"]
[BlackElo "2024"]
[Annotator "ChessBase"]
[PlyCount "54"]
[EventDate "2022.01.07"]
[EventType "swiss"]
[EventCountry "POL"]
[SourceTitle "playchess.com"]
[Source "ChessBase"]
[SourceQuality "1"]
[TimeControl "5400+30"]

1. e4 {[%emt 0:00:02]} g6 {[%emt 0:00:44]} 2. d4 {[%emt 0:00:13]} d6 {[%emt 0:00:20]} 3. Nc3 {[%emt 0:00:16]} Bg7 {[%emt 0:00:17]} 4. f4 {[%emt 0:00:27]} Nf6 {[%emt 0:01:59]} 5. Nf3 {[%emt 0:00:18]} O-O {[%emt 0:00:09]} 6. e5 {[%emt 0:01:33]} Nfd7 {[%emt 0:00:23]} 7. h4 {[%emt 0:01:15]} c5 {[%emt 0:00:23]} 8. h5 {[%emt 0:01:26]} cxd4 {[%emt 0:00:08]} 9. Qxd4 {[%emt 0:00:26]} dxe5 {[%emt 0:00:11]} 10. Qf2 {[%emt 0:15:02]} exf4 {[%emt 0:02:50]} 11. hxg6 {[%emt 0:00:53]} hxg6 {[%emt 0:00:05]} 12. Bxf4 {[%emt 0:02:18]} Nf6 {[%emt 0:03:32]} 13. Bd3 {[%emt 0:04:52]} Qa5 {[%emt 0:14:59]} 14. O-O-O {[%emt 0:14:59]} Nc6 {[%emt 0:05:19]} 15. Rde1 {[%emt 0:15:05]} Bf5 {[%emt 0:11:23]} 16. Bxf5 {[%emt 0:09:51]} Qxf5 {[%emt 0:00:06]} 17. Bg5 {[%emt 0:15:47]} Rfd8 {[%emt 0:05:07]} 18. Qh4 {[%emt 0:01:38]} Rac8 {[%emt 0:02:54]} 19. Re2 {[%emt 0:06:08]} Rd7 {[%emt 0:13:56]} 20. Rf2 {[%emt 0:02:00]} Ng4 {[%emt 0:08:56]} 21. Rff1 {[%emt 0:03:25]} f6 {[%emt 0:19:12]} 22. Ne5 {[%emt 0:01:50]} Qxe5 {[%emt 0:00:37]} 23. Bf4 {[%emt 0:01:14]} Qe6 {[%emt 0:02:49]} 24. Re1 {[%emt 0:00:19]} Qf5 {[%emt 0:00:30]} 25. Bd2 {[%emt 0:01:01]} Nb4 {[%emt 0:01:01]} 26. Re4 {[%emt 0:00:38]} Rxc3 {[%emt 0:01:44]} 27. Qxg4 {[%emt 0:00:24]} Rxc2+ {[%emt 0:00:22]} 0-1

[Event "Tatra Limba Master 2022"]
[Site "Poronin"]
[Date "2022.01.08"]
[Round "4.7"]
[White "Starosciak, Szymon"]
[Black "Bartoszczuk, Adam"]
[Result "0-1"]
[WhiteElo "1986"]
[BlackElo "1380"]
[Annotator "ChessBase"]
[PlyCount "114"]
[EventDate "2022.01.07"]
[EventType "swiss"]
[EventCountry "POL"]
[SourceTitle "playchess.com"]
[Source "ChessBase"]
[SourceQuality "1"]
[TimeControl "5400+30"]

1. e4 {[%emt 0:00:05]} c5 {[%emt 0:00:06]} 2. Nf3 {[%emt 0:00:07]} d6 {[%emt 0:00:41]} 3. d4 {[%emt 0:00:09]} cxd4 {[%emt 0:00:05]} 4. Nxd4 {[%emt 0:00:05]} Nf6 {[%emt 0:00:05]} 5. Nc3 {[%emt 0:00:04]} a6 {[%emt 0:00:05]} 6. Be2 {[%emt 0:00:17]} e5 {[%emt 0:00:28]} 7. Nb3 {[%emt 0:00:08]} Be6 {[%emt 0:00:21]} 8. Be3 {[%emt 0:00:18]} Be7 {[%emt 0:00:42]} 9. Nd5 {[%emt 0:01:07]} Bxd5 {[%emt 0:04:32]} 10. exd5 {[%emt 0:00:08]} Nbd7 {[%emt 0:00:58]} 11. O-O {[%emt 0:01:20]} Nb6 {[%emt 0:02:40]} 12. c4 {[%emt 0:01:56]} Rc8 {[%emt 0:02:57]} 13. Rc1 {[%emt 0:01:16]} O-O {[%emt 0:03:25]} 14. Qd2 {[%emt 0:05:45]} Ne4 {[%emt 0:10:17]} 15. Qa5 {[%emt 0:03:26]} Nd7 {[%emt 0:03:48]} 16. Qb4 {[%emt 0:06:12]} b6 {[%emt 0:04:40]} 17. f3 {[%emt 0:05:35]} Nec5 {[%emt 0:01:31]} 18. Qd2 {[%emt 0:01:11]} f5 {[%emt 0:03:24]} 19. Na1 {[%emt 0:00:17]} f4 {[%emt 0:03:28]} 20. Bf2 {[%emt 0:00:14]} e4 {[%emt 0:03:56]} 21. Bd4 {[%emt 0:00:20]} e3 {[%emt 0:01:46]} 22. Qc3 {[%emt 0:03:03]} Bf6 {[%emt 0:01:29]} 23. b4 {[%emt 0:04:06]} Nb7 {[%emt 0:04:45]} 24. Nb3 {[%emt 0:03:45]} Ne5 {[%emt 0:02:58]} 25. Qb2 {[%emt 0:08:56]} Kh8 {[%emt 0:03:17]} 26. c5 {[%emt 0:01:42]} bxc5 {[%emt 0:13:37]} 27. bxc5 {[%emt 0:00:27]} Na5 {[%emt 0:01:07]} 28. c6 {[%emt 0:06:54]} Nxb3 {[%emt 0:00:58]} 29. axb3 {[%emt 0:01:19]} Qa5 {[%emt 0:00:56]} 30. Rfd1 {[%emt 0:02:37]} Qxd5 {[%emt 0:07:58]} 31. Bxe5 {[%emt 0:02:18]} Qxe5 {[%emt 0:00:20]} 32. Qxe5 {[%emt 0:01:18]} Bxe5 {[%emt 0:00:01]} 33. Bxa6 {[%emt 0:00:20]} Rc7 {[%emt 0:00:01]} 34. Bb7 {[%emt 0:03:17]} Re8 {[%emt 0:01:23]} 35. Rc2 {[%emt 0:02:43]} Rb8 {[%emt 0:01:30]} 36. Rd5 {[%emt 0:07:27]} Kg8 {[%emt 0:00:52]} 37. Kf1 {[%emt 0:00:54]} Kf7 {[%emt 0:02:22]} 38. Rb5 {[%emt 0:00:13]} Ke6 {[%emt 0:00:43]} 39. Ke2 {[%emt 0:00:23]} g5 {[%emt 0:01:05]} 40. g4 {[%emt 0:05:52]} h6 {[%emt 0:01:00]} 41. Kd3 {[%emt 0:00:42]} h5 {[%emt 0:02:24]} 42. h3 {[%emt 0:00:22]} hxg4 {[%emt 0:00:22]} 43. hxg4 {[%emt 0:00:06]} Rh8 {[%emt 0:00:03]} 44. Ke4 {[%emt 0:04:14]} Rh1 {[%emt 0:00:34]} 45. Rd5 {[%emt 0:01:34]} Rb1 {[%emt 0:00:19]} 46. Ba6 {[%emt 0:01:18]} Kf6 {[%emt 0:01:31]} 47. Rd3 {[%emt 0:06:38]} Re1 {[%emt 0:01:01]} 48. Kd5 {[%emt 0:03:54]} Ra1 {[%emt 0:01:39]} 49. Bb7 {[%emt 0:02:36]} Ra5+ {[%emt 0:00:19]} 50. Ke4 {[%emt 0:00:06]} Re7 {[%emt 0:02:01]} 51. Rd1 {[%emt 0:00:59]} e2 {[%emt 0:00:18]} 52. Rxe2 {[%emt 0:00:57]} Ba1+ {[%emt 0:00:24]} 53. Kd3 {[%emt 0:01:08]} Rd5+ {[%emt 0:00:30]} 54. Kc4 {[%emt 0:00:17]} Rxd1 {[%emt 0:00:03]} 55. Rh2 {[%emt 0:00:56]} Kg7 {[%emt 0:02:47]} 56. Bc8 {[%emt 0:01:05]} Re5 {[%emt 0:00:53]} 57. Bf5 {[%emt 0:01:27]} Rd4# 0-1

[Event "Tatra Limba Master 2022"]
[Site "Poronin"]
[Date "2022.01.08"]
[Round "4.8"]
[White "Liskiewicz, Jakub"]
[Black "Gajdzica, Maciej"]
[Result "0-1"]
[WhiteElo "1598"]
[BlackElo "1960"]
[Annotator "ChessBase"]
[PlyCount "60"]
[EventDate "2022.01.07"]
[EventType "swiss"]
[EventCountry "POL"]
[SourceTitle "playchess.com"]
[Source "ChessBase"]
[SourceQuality "1"]
[TimeControl "5400+30"]

1. d4 {[%emt 0:00:05]} d5 {[%emt 0:00:06]} 2. c4 {[%emt 0:00:05]} e6 {[%emt 0:00:07]} 3. Nc3 {[%emt 0:00:08]} Nf6 {[%emt 0:00:08]} 4. Bg5 {[%emt 0:00:08]} dxc4 {[%emt 0:00:07]} 5. e3 {[%emt 0:00:55]} c5 {[%emt 0:00:20]} 6. Bxc4 {[%emt 0:00:27]} cxd4 {[%emt 0:00:11]} 7. exd4 {[%emt 0:00:13]} Be7 {[%emt 0:00:19]} 8. Nf3 {[%emt 0:00:26]} O-O {[%emt 0:00:23]} 9. O-O {[%emt 0:00:11]} Nc6 {[%emt 0:00:50]} 10. Re1 {[%emt 0:03:55]} a6 {[%emt 0:02:00]} 11. a4 {[%emt 0:00:11]} Qb6 {[%emt 0:15:59]} 12. d5 {[%emt 0:13:23]} Qxb2 {[%emt 0:15:03]} 13. dxc6 {[%emt 0:11:39]} Qxc3 {[%emt 0:00:26]} 14. Rc1 {[%emt 0:00:17]} Qa5 {[%emt 0:08:16]} 15. Ne5 {[%emt 0:06:34]} bxc6 {[%emt 0:06:17]} 16. Nxc6 {[%emt 0:00:11]} Qxg5 {[%emt 0:01:16]} 17. Nxe7+ {[%emt 0:00:11]} Kh8 {[%emt 0:00:03]} 18. Nxc8 {[%emt 0:00:20]} Rfxc8 {[%emt 0:00:16]} 19. Bxa6 {[%emt 0:00:16]} Rxc1 {[%emt 0:01:16]} 20. Qxc1 {[%emt 0:00:18]} Qxc1 {[%emt 0:00:11]} 21. Rxc1 {[%emt 0:00:07]} Rxa6 {[%emt 0:00:08]} 22. Rc8+ {[%emt 0:00:52]} Ng8 {[%emt 0:00:06]} 23. Rc4 {[%emt 0:00:13]} g6 {[%emt 0:01:03]} 24. h4 {[%emt 0:00:18]} Nf6 {[%emt 0:00:26]} 25. g4 {[%emt 0:00:57]} h5 {[%emt 0:00:32]} 26. gxh5 {[%emt 0:00:30]} Nxh5 {[%emt 0:00:31]} 27. Kg2 {[%emt 0:00:24]} Nf6 {[%emt 0:00:12]} 28. Kg3 {[%emt 0:00:22]} Ra5 {[%emt 0:00:08]} 29. f4 {[%emt 0:01:04]} Kg7 {[%emt 0:00:20]} 30. Kf3 {[%emt 0:01:13]} Nd5 {[%emt 0:00:42]} 0-1

[Event "Tatra Limba Master 2022"]
[Site "Poronin"]
[Date "2022.01.08"]
[Round "4.9"]
[White "Wysocki, Mateusz"]
[Black "Rejniak, Zuzanna"]
[Result "1/2-1/2"]
[WhiteElo "1848"]
[BlackElo "1799"]
[Annotator "NA"]
[PlyCount "106"]
[EventDate "2022.01.07"]
[EventType "swiss"]
[EventCountry "POL"]
[SourceTitle "playchess.com"]
[Source "ChessBase"]
[SourceQuality "1"]
[TimeControl "5400+30"]

1. e4 {[%emt 0:00:03]} c5 {[%emt 0:00:05]} 2. Nf3 {[%emt 0:00:19]} d6 {[%emt 0:00:05]} 3. d4 {[%emt 0:00:16]} cxd4 {[%emt 0:00:05]} 4. Nxd4 {[%emt 0:00:06]} Nf6 {[%emt 0:00:07]} 5. Nc3 {[%emt 0:00:06]} a6 {[%emt 0:00:03]} 6. h4 {[%emt 0:01:17]} e5 {[%emt 0:17:32]} 7. Nb3 {[%emt 0:00:45]} Be6 {[%emt 0:05:58]} 8. f4 {[%emt 0:00:35]} exf4 {[%emt 0:00:56]} 9. Bxf4 {[%emt 0:00:08]} Nc6 {[%emt 0:00:04]} 10. Qd2 {[%emt 0:00:28]} Ne5 {[%emt 0:02:51]} 11. O-O-O {[%emt 0:04:31]} Qc7 $14 {[%emt 0:09:36]} 12. Nd4 {[%emt 0:18:03]} Be7 {[%emt 0:05:18]} 13. Nf5 {[%emt 0:04:54]} Bxf5 {[%emt 0:01:47]} 14. exf5 {[%emt 0:00:07]} O-O {[%emt 0:13:55]} 15. Be2 {[%emt 0:06:13]} Rfc8 {[%emt 0:06:14]} 16. g4 {[%emt 0:05:07]} b5 {[%emt 0:03:31]} 17. a3 {[%emt 0:01:09]} Qa5 {[%emt 0:07:07]} 18. g5 {[%emt 0:19:14]} b4 {[%emt 0:00:05]} 19. Na2 {[%emt 0:02:44]} Ne4 {[%emt 0:00:39]} 20. Qe3 {[%emt 0:06:08]} Nc3 {[%emt 0:00:48]} 21. Nxb4 {[%emt 0:03:36]} Nxd1 {[%emt 0:00:30]} 22. Rxd1 {[%emt 0:00:16]} Bf8 {[%emt 0:04:43]} 23. f6 {[%emt 0:02:32]} Re8 {[%emt 0:09:54]} 24. Qf2 {[%emt 0:03:40]} Qc5 {[%emt 0:01:00]} 25. Qg2 {[%emt 0:03:19]} Ng6 {[%emt 0:00:20]} 26. Bd2 {[%emt 0:06:11]} a5 {[%emt 0:01:42]} 27. Nd3 {[%emt 0:00:54]} Qc4 {[%emt 0:01:50]} 28. h5 {[%emt 0:02:31]} Rac8 {[%emt 0:02:55]} 29. Bc3 {[%emt 0:03:22]} Nf4 {[%emt 0:00:04]} 30. Nxf4 {[%emt 0:00:06]} Qxf4+ {[%emt 0:00:02]} 31. Kb1 {[%emt 0:00:41]} Rxc3 {[%emt 0:00:22]} 32. bxc3 {[%emt 0:00:07]} Qe5 {[%emt 0:00:32]} 33. Bc4 {[%emt 0:02:34]} Rb8+ {[%emt 0:00:10]} 34. Ka2 {[%emt 0:02:21]} Qxc3 {[%emt 0:00:13]} 35. Bxf7+ {[%emt 0:00:26]} Kxf7 {[%emt 0:01:10]} 36. g6+ {[%emt 0:02:54]} Kg8 {[%emt 0:01:14]} 37. f7+ {[%emt 0:00:35]} Kh8 {[%emt 0:00:02]} 38. Rb1 {[%emt 0:00:03]} Rxb1 {[%emt 0:00:35]} 39. Kxb1 {[%emt 0:00:02]} Qe1+ {[%emt 0:00:19]} 40. Ka2 {[%emt 0:00:11]} Qe6+ {[%emt 0:00:11]} 41. Kb1 {[%emt 0:00:26]} hxg6 {[%emt 0:02:08]} 42. hxg6 {[%emt 0:00:35]} Qe1+ {[%emt 0:00:03]} 43. Ka2 {[%emt 0:00:41]} Qe6+ {[%emt 0:00:03]} 44. Kb1 {[%emt 0:01:12]} Qe1+ {[%emt 0:00:03]} 45. Kb2 {[%emt 0:00:19]} Qe5+ {[%emt 0:00:02]} 46. c3 {[%emt 0:00:41]} Qb5+ {[%emt 0:00:03]} 47. Kc1 {[%emt 0:00:42]} Qh5 {[%emt 0:00:03]} 48. Kc2 {[%emt 0:00:48]} d5 {[%emt 0:00:20]} 49. Qg3 {[%emt 0:00:30]} Qf5+ {[%emt 0:00:17]} 50. Kb2 {[%emt 0:00:27]} Qh5 {[%emt 0:00:10]} 51. Qb8 {[%emt 0:00:33]} Qe2+ {[%emt 0:00:12]} 52. Kb3 {[%emt 0:00:23]} Qd1+ {[%emt 0:00:02]} 53. Kb2 {[%emt 0:00:24]} Qd2+ {[%emt 0:00:13]} 1/2-1/2

[Event "Tatra Limba Master 2022"]
[Site "Poronin"]
[Date "2022.01.08"]
[Round "4.10"]
[White "Gepfert, Cyprian"]
[Black "Golis, Wiktor"]
[Result "1/2-1/2"]
[WhiteElo "1743"]
[BlackElo "1553"]
[Annotator "NA"]
[PlyCount "110"]
[EventDate "2022.01.07"]
[EventType "swiss"]
[EventCountry "POL"]
[SourceTitle "playchess.com"]
[Source "ChessBase"]
[SourceQuality "1"]
[TimeControl "5400+30"]

1. e4 {[%emt 0:00:05]} c5 {[%emt 0:00:06]} 2. Nf3 {[%emt 0:00:14]} d6 {[%emt 0:00:07]} 3. Nc3 {[%emt 0:00:31]} Nf6 {[%emt 0:00:09]} 4. d4 {[%emt 0:00:44]} cxd4 {[%emt 0:00:06]} 5. Nxd4 {[%emt 0:00:05]} a6 {[%emt 0:00:06]} 6. Be2 {[%emt 0:00:39]} e5 {[%emt 0:00:08]} 7. Nb3 {[%emt 0:00:04]} Be7 {[%emt 0:00:06]} 8. Bg5 {[%emt 0:00:13]} Be6 {[%emt 0:00:26]} 9. Bxf6 {[%emt 0:02:38]} Bxf6 {[%emt 0:00:09]} 10. Qd3 {[%emt 0:00:11]} Be7 {[%emt 0:00:34]} 11. Nd5 {[%emt 0:00:57]} Bxd5 {[%emt 0:01:07]} 12. Qxd5 {[%emt 0:00:08]} Qc7 {[%emt 0:00:19]} 13. Bg4 {[%emt 0:01:43]} O-O {[%emt 0:07:10]} 14. Rd1 {[%emt 0:00:38]} Nc6 {[%emt 0:02:58]} 15. c3 {[%emt 0:00:26]} Rfd8 {[%emt 0:00:41]} 16. O-O {[%emt 0:00:22]} b5 {[%emt 0:00:29]} 17. Rd3 {[%emt 0:08:39]} Qb6 {[%emt 0:02:02]} 18. Rfd1 {[%emt 0:04:13]} Bf6 {[%emt 0:04:07]} 19. Bh5 {[%emt 0:09:32]} g6 {[%emt 0:01:31]} 20. Rg3 {[%emt 0:07:29]} Ne7 {[%emt 0:03:01]} 21. Qd2 {[%emt 0:11:55]} d5 {[%emt 0:01:01]} 22. Qe2 {[%emt 0:01:44]} Kh8 {[%emt 0:06:08]} 23. Bf3 {[%emt 0:00:43]} dxe4 {[%emt 0:03:05]} 24. Bxe4 {[%emt 0:01:35]} Rxd1+ {[%emt 0:00:52]} 25. Qxd1 {[%emt 0:00:05]} Rd8 {[%emt 0:00:56]} 26. Qe2 {[%emt 0:01:23]} Bh4 {[%emt 0:00:50]} 27. Rd3 {[%emt 0:00:46]} Rxd3 {[%emt 0:06:15]} 28. Bxd3 {[%emt 0:00:16]} Qd6 {[%emt 0:00:17]} 29. g3 {[%emt 0:00:38]} Bg5 {[%emt 0:00:30]} 30. c4 {[%emt 0:05:59]} bxc4 {[%emt 0:04:08]} 31. Bxc4 {[%emt 0:00:17]} f5 {[%emt 0:00:29]} 32. Bxa6 {[%emt 0:08:28]} e4 {[%emt 0:00:44]} 33. Bb5 {[%emt 0:05:24]} Nc6 {[%emt 0:04:19]} 34. Bxc6 {[%emt 0:02:04]} Qxc6 {[%emt 0:00:06]} 35. Na5 {[%emt 0:05:33]} Qa4 {[%emt 0:00:45]} 36. Nb7 {[%emt 0:07:21]} Qxa2 {[%emt 0:01:22]} 37. Qb5 {[%emt 0:00:58]} Qe6 {[%emt 0:01:07]} 38. Nc5 {[%emt 0:02:45]} Qe7 {[%emt 0:00:46]} 39. Qc6 {[%emt 0:01:53]} Qd8 {[%emt 0:02:03]} 40. Qd7 {[%emt 0:02:58]} Qxd7 {[%emt 0:04:49]} 41. Nxd7 {[%emt 0:00:03]} Be7 {[%emt 0:00:12]} 42. h4 {[%emt 0:00:55]} Kg7 {[%emt 0:00:16]} 43. Kf1 {[%emt 0:03:48]} Kf7 {[%emt 0:00:31]} 44. Ke2 {[%emt 0:00:36]} Ke6 {[%emt 0:00:18]} 45. Nb6 {[%emt 0:00:30]} h6 {[%emt 0:02:01]} 46. f3 {[%emt 0:00:57]} Bd6 {[%emt 0:00:23]} 47. g4 {[%emt 0:00:49]} fxg4 {[%emt 0:02:59]} 48. fxg4 {[%emt 0:00:27]} Be7 {[%emt 0:00:46]} 49. h5 {[%emt 0:00:18]} g5 {[%emt 0:00:12]} 50. Nc4 {[%emt 0:00:21]} Kd5 {[%emt 0:00:37]} 51. Ne3+ {[%emt 0:00:15]} Ke5 {[%emt 0:00:06]} 52. Nf5 {[%emt 0:00:12]} Bf8 {[%emt 0:00:05]} 53. Ke3 {[%emt 0:00:52]} Bc5+ {[%emt 0:00:06]} 54. Ke2 {[%emt 0:00:33]} Bf8 {[%emt 0:00:04]} 55. Ke3 {[%emt 0:01:45]} Bc5+ 1/2-1/2